| 000 | 00984nas a2200337 4500 | ||
|---|---|---|---|
| 001 | BR2016004365 | ||
| 003 | BR-BrBNA | ||
| 005 | 20231205130739.0 | ||
| 007 | ta | ||
| 008 | 230509b bl.|||p| |||| 00| 00por d | ||
| 040 |
_aBR-BrBNA _bpor _cBiblioteca Nacional de Agricultura |
||
| 041 | _a(Pt) | ||
| 072 | _aH50; F61; F62 | ||
| 100 | 1 | _aJucoski, G. de O. | |
| 100 | 1 | _aCambraia, J. | |
| 100 | 1 | _aRibeira, C. | |
| 100 | 1 | _aOliveira, J.A. de | |
| 245 | 1 | _aExcesso de ferro sobre o crescimento e a composição mineral em Eugenia uniflora L. | |
| 650 | _aPITANGA | ||
| 650 | _aEUGENIA | ||
| 650 | _aSULCATA | ||
| 650 | _aMYRTACEAE | ||
| 650 | _aFERRO | ||
| 650 | _aTOXIDEZ | ||
| 650 | _aABSORÇÃO DE NUTRIENTES | ||
| 650 | _aCRESCIMENTO | ||
| 650 | _aNUTRIENTE MINERAL | ||
| 773 | 0 |
_tRevista Ciência Agronômica (Brazil) _xISSN 0045-6888 _g(Oct-Dec 2016), v. 47(4) p. 720-728 _wBR2016004365 |
|
| 909 |
_a202311 _bLúcia _c55 _dLúcia Elande |
||
| 942 |
_2AGRIS _n0 _cANA |
||
| 999 |
_c250986 _d250986 |
||